000 00328nam a2200133Ia 4500
008 191201s1999 xx 000 0 und d
082 _a005.74
_bLED
100 _aLEON, Alexis
245 0 _aDatabase Management Systems
260 _aN.Delhi
_bLeon Press Chennai
_c1999
300 _a988
650 _aB.Tech(IT)
942 _2ddc
_cBK
999 _c3027
_d3027